| 000 | 00692nam a2200181Ia 4500 | ||
|---|---|---|---|
| 003 | GCL | ||
| 008 | 140319s9999 xx 000 0 ara d | ||
| 040 |
_aGCL / _cGCL |
||
| 082 | 0 | 4 |
_a327.03 _bز م |
| 100 | 1 | _aزكريا السباهى | |
| 245 | 1 | 0 |
_aمعجم موسوعى وثائقى بالمفردات والمصطلحات الدبلوماسية والدولية: انجليزى - فرنسى - عربى / _cزكريا السباهى |
| 300 | _a424 ص | ||
| 490 |
_aالهيئة العامة للاستعلامات _v0 |
||
| 650 | 0 | 4 | _aالدبلوماسية |
| 650 | 0 | 4 | _aالمصطلحات الدبلوماسية |
| 650 | 0 | 4 | _aالدبلوماسية, مصطلحات |
| 942 |
_2ddc _cBK |
||
| 999 |
_c48506 _d48506 |
||